00516nam a22001817a 450000500170000001000130001702000260003003500170005603700120007308200120008510000170009724500660011425000110018026000430019127000590023430000210029350000200031420160926114012.0 a1516EN07 c240.00a9789350354872 aB-612217-242 bUBH/Ven a342.085 aJain, Rashee aTextbook on human rights: law and practice / cby Rashee Jain a2nd ed aDelhi bUniversal Law Publishingc2014 aA-58, G.T. Karnal Road Industrial Area,bDelhie110033 a184p.c24cm(pbk) aIncludes index